书目信息 |
| 题名: |
视觉信息处理的脑机制
|
|
| 作者: | 寿天德 | |
| 分册: | ||
| 出版信息: | 上海 上海科技教育出版社 1997 |
|
| 页数: | 257 | |
| 开本: | 20cm | |
| 丛书名: | 脑科学丛书 | |
| 单 册: | ||
| 中图分类: | R339.14 | |
| 科图分类: | ||
| 主题词: | 人体生理学 | |
| 电子资源: | ||
| ISBN: | 7-5428-1592-X | |
| 000 | 00591nam0 2200205 450 | |
| 001 | 0741144344 | |
| 005 | 20070817112544.34 | |
| 010 | @a7-5428-1592-X@b精装@d¥21.00 | |
| 100 | @a20070817d km y0chiy0120 ea | |
| 101 | 0 | @achi |
| 200 | 1 | @a视觉信息处理的脑机制@Ashi jue xin xi chu li de nao ji zhi@f寿天德@Fshou tian de |
| 210 | @a上海@c上海科技教育出版社@d1997 | |
| 215 | @a257@d20cm | |
| 225 | 2 | @a脑科学丛书 |
| 410 | 0 | @12001 @a脑科学丛书 |
| 606 | 0 | @a人体生理学 |
| 690 | @aR339.14@v3 | |
| 701 | 0 | @a寿天德@Ashou tian de |
| 801 | 0 | @aCN@bPFT@c20070817 |
| 905 | @a213230@dR339.14@en1@f1 | |
| 视觉信息处理的脑机制/寿天德.-上海:上海科技教育出版社,1997 |
| 257;20cm.-(脑科学丛书) |
| ISBN 7-5428-1592-X(精装):¥21.00 |
| ● |
| 相关链接 |
|
|
|
|
正题名:视觉信息处理的脑机制
索取号:R339.14/n1
 
预约/预借
| 序号 | 登录号 | 条形码 | 馆藏地/架位号 | 状态 | 备注 |
| 1 | 6600910 | 266009106 | 密集书库-生命科学系/ [索取号:R339.14/n1] | 在馆 |